[Event "ISR-chT (Women)"]
[Site "Netanya"]
[Date "2025.05.31"]
[Round "6.27"]
[White "Zach, Asif"]
[Black "Gavish, Maya"]
[Result "1-0"]
[WhiteElo "1707"]
[BlackElo "1694"]
[PlyCount "51"]
[EventDate "2025.05.29"]
[EventType "team-swiss"]
[EventRounds "6"]
[EventCountry "ISR"]
[SourceTitle "CB23_2025"]
[SourceDate "2025.06.04"]
[SourceVersion "1"]
[SourceVersionDate "2025.06.04"]
[SourceQuality "1"]
[WhiteTeam "Ramat Gan Princesses (W)"]
[BlackTeam "Tel Aviv (W)"]
[WhiteTeamCountry "ISR"]
[BlackTeamCountry "ISR"]

1. e4 e6 2. d4 d5 3. e5 c5 4. c3 Nc6 5. Nf3 Bd7 6. Bd3 a6 7. 0-0 Rc8 8. dxc5 Bxc5 9. Nbd2 Nge7 10. Nb3 Bb6 11. Re1 Ng6 12. Nbd4 Bxd4 13. cxd4 Nce7 14. Bd2 0-0 15. h4 Nf5 16. Bxf5 exf5 17. h5 Ne7 18. h6 g6 19. Bg5 Re8 20. Qb3 Bc6 21. e6 Qd6 22. Qe3 Bb5 23. exf7+ Kxf7 24. Bf4 Qb6 25. Ng5+ Kg8 26. Qe5 1-0

[Event "ISR-chT (Women)"]
[Site "Netanya"]
[Date "2025.05.30"]
[Round "4.24"]
[White "Baruch, Amit"]
[Black "Gavish, Maya"]
[Result "1-0"]
[WhiteElo "1694"]
[BlackElo "1694"]
[PlyCount "61"]
[EventDate "2025.05.29"]
[EventType "team-swiss"]
[EventRounds "6"]
[EventCountry "ISR"]
[SourceTitle "CB23_2025"]
[SourceDate "2025.06.04"]
[SourceVersion "1"]
[SourceVersionDate "2025.06.04"]
[SourceQuality "1"]
[WhiteTeam "Rishon Le Zion (W) III"]
[BlackTeam "Tel Aviv (W)"]
[WhiteTeamCountry "ISR"]
[BlackTeamCountry "ISR"]

1. e4 e6 2. d4 d5 3. Nd2 Nf6 4. e5 Nfd7 5. Bd3 c5 6. c3 Nc6 7. Ne2 a6 8. 0-0 b5 9. Nf3 h6 10. Be3 c4 11. Bc2 g5 12. Ne1 f5 13. exf6 Qxf6 14. f4 g4 15. f5 h5 16. Nf4 Nb6 17. fxe6 Bd6 18. Bg6+ Kd8 19. Bf7 Ne7 20. Nc2 g3 21. Ng6 gxh2+ 22. Kh1 Nf5 23. Rxf5 Qxf5 24. Nxh8 Bxe6 25. Bxe6 Qxe6 26. Qxh5 Kc7 27. Qf7+ Qd7 28. Qxd7+ Nxd7 29. Nf7 Bg3 30. Rf1 Kb6 31. Bf4 1-0

[Event "ISR-chT (Women)"]
[Site "Netanya"]
[Date "2025.05.30"]
[Round "3.20"]
[White "Ovechkin, Lilia"]
[Black "Gavish, Maya"]
[Result "1-0"]
[WhiteElo "1819"]
[BlackElo "1694"]
[PlyCount "79"]
[EventDate "2025.05.29"]
[EventType "team-swiss"]
[EventRounds "6"]
[EventCountry "ISR"]
[SourceTitle "CB23_2025"]
[SourceDate "2025.06.04"]
[SourceVersion "1"]
[SourceVersionDate "2025.06.04"]
[SourceQuality "1"]
[WhiteTeam "Kfar Saba Hapoel (W)"]
[BlackTeam "Tel Aviv (W)"]
[WhiteTeamCountry "ISR"]
[BlackTeamCountry "ISR"]

1. d4 d5 2. Nc3 e6 3. Nf3 c5 4. e3 Nd7 5. Be2 a6 6. 0-0 c4 7. e4 dxe4 8. Nxe4 b5 9. Be3 Bb7 10. Nfd2 f5 11. Ng5 Qf6 12. Bf3 Bd5 13. Bxd5 exd5 14. Qf3 Ne7 15. Nh3 h6 16. g3 g5 17. Qe2 Bg7 18. Rfe1 g4 19. Nf4 0-0-0 20. a4 Nb6 21. axb5 axb5 22. Ra6 Kb7 23. Rea1 Nc6 24. Nb1 h5 25. Nc3 Nb4 26. Ra7+ Kc6 27. R1a5 h4 28. Nxb5 Rd7 29. c3 Qe7 30. cxb4 Qxb4 31. Nc3 hxg3 32. Rc5+ Qxc5 33. dxc5 gxh2+ 34. Kh1 Rxa7 35. cxb6 Ra1+ 36. Nd1 Bxb2 37. b7 c3 38. Bd4 Rh7 39. b8Q Ra3 40. Qee8+ 1-0

[Event "Rishon Le Ziyyon-ch U18"]
[Site "Rishon Le Ziyyon"]
[Date "2023.03.31"]
[Round "5"]
[White "Gavish, Maya"]
[Black "Eshkol, Lilian"]
[Result "0-1"]
[WhiteElo "1356"]
[BlackElo "1384"]
[PlyCount "89"]
[EventDate "2023.03.28"]
[EventType "swiss"]
[EventRounds "9"]
[EventCountry "ISR"]
[SourceTitle "CBM 213 Extra"]
[Source "ChessBase"]
[SourceDate "2023.05.31"]
[SourceVersion "1"]
[SourceVersionDate "2023.05.31"]
[SourceQuality "1"]

1. d4 c5 2. e3 e6 3. Nf3 Nf6 4. Bd3 Nc6 5. c3 d5 6. Nbd2 a6 7. a4 Qc7 8. h3 h5 9. h4 e5 10. dxe5 Nxe5 11. Nxe5 Qxe5 12. Nf3 Qc7 13. c4 dxc4 14. Bxc4 Bg4 15. Be2 Rd8 16. Qc2 Qc6 17. Bd2 Be7 18. Bc3 Kf8 19. Rd1 Rxd1+ 20. Qxd1 Qd5 21. Qxd5 Nxd5 22. Nd2 Nxc3 23. bxc3 g6 24. g3 Kg7 25. Bxg4 hxg4 26. 0-0 Rd8 27. Nb3 Rd3 28. Rc1 b6 29. a5 b5 30. Kf1 b4 31. Ke2 c4 32. Nd2 Rxc3 33. Rxc3 bxc3 34. Nxc4 Kf6 35. Kd3 Bb4 36. Kc2 Ke6 37. e4 Bc5 38. Ne3 Bxe3 39. fxe3 Ke5 40. Kxc3 Kxe4 41. Kc4 Kxe3 42. Kc5 Kf3 43. Kb6 Kxg3 44. Kxa6 Kxh4 45. Kb6 0-1

[Event "EU-ch Schools U13 Girls"]
[Site "Rhodes"]
[Date "2022.04.23"]
[Round "3"]
[White "Gavish, Maya"]
[Black "Ozsoy, Idil Mira"]
[Result "0-1"]
[WhiteElo "1451"]
[BlackElo "2034"]
[PlyCount "80"]
[EventDate "2022.04.21"]
[EventType "swiss"]
[EventRounds "9"]
[EventCountry "GRE"]
[SourceTitle "CBM 208 Extra"]
[Source "ChessBase"]
[SourceDate "2022.07.31"]
[SourceVersion "1"]
[SourceVersionDate "2022.07.31"]
[SourceQuality "1"]

1. d4 d5 2. Nf3 Nf6 3. Bf4 e6 4. e3 Bd6 5. Bg3 0-0 6. Bd3 c5 7. c3 Qc7 8. Nbd2 Nbd7 9. 0-0 Bxg3 10. hxg3 e5 11. e4 Re8 12. Re1 cxd4 13. cxd4 exd4 14. exd5 Rxe1+ 15. Qxe1 Nc5 16. Bc4 Bg4 17. Qe5 Qa5 18. Qxd4 Rd8 19. Ne5 Be6 20. d6 Kf8 21. Ndf3 h6 22. Nd3 Nxd3 23. Qxd3 Bf5 24. Qb3 Rd7 25. Rc1 Qc5 26. Qb5 Qxb5 27. Bxb5 Rxd6 28. Kf1 a6 29. Ba4 Rb6 30. Bb3 Rd6 31. Ba4 b5 32. Bb3 Ne4 33. Rc7 Bg6 34. Ke2 a5 35. Ne5 Ng5 36. Nxg6+ Rxg6 37. a4 bxa4 38. Bxa4 Rb6 39. b3 Ne6 40. Ke3 Nxc7 0-1

[Event "ISR-ch U08/18"]
[Site "Savyon"]
[Date "2022.04.13"]
[Round "8"]
[White "Moscovitch, Michal"]
[Black "Gavish, Maya"]
[Result "0-1"]
[WhiteElo "1350"]
[BlackElo "1451"]
[PlyCount "59"]
[EventDate "2022.04.06"]
[EventType "swiss"]
[EventRounds "9"]
[EventCountry "ISR"]
[SourceTitle "EXT 2023"]
[Source "ChessBase"]
[SourceDate "2022.10.05"]
[SourceVersion "1"]
[SourceVersionDate "2022.10.05"]
[SourceQuality "1"]

1. e4 e6 2. d4 d5 3. Nd2 Nf6 4. e5 Nfd7 5. Bd3 c5 6. c3 Nc6 7. Ne2 cxd4 8. cxd4 f6 9. exf6 Nxf6 10. Nf3 Bd6 11. 0-0 0-0 12. Re1 e5 13. dxe5 Nxe5 14. Nxe5 Bxe5 15. Ng3 Ng4 16. Rxe5 Nxe5 17. Bxh7+ Kxh7 18. Qh5+ Kg8 19. Qxe5 Re8 20. Qc3 d4 21. Qc4+ Be6 22. Qd3 Qd7 23. b3 Bf5 24. Qd2 Rac8 25. Bb2 d3 26. Bc3 Rc6 27. Kf1 Rec8 28. Nxf5 Qxf5 29. Rc1 Qe5 30. Qd1 0-1

[Event "ISR-ch U08/18"]
[Site "Savyon"]
[Date "2022.04.10"]
[Round "3"]
[White "Gavish, Maya"]
[Black "Fadida, Rachel"]
[Result "1-0"]
[WhiteElo "1451"]
[BlackElo "1225"]
[PlyCount "51"]
[EventDate "2022.04.06"]
[EventType "swiss"]
[EventRounds "9"]
[EventCountry "ISR"]
[SourceTitle "EXT 2023"]
[Source "ChessBase"]
[SourceDate "2022.10.05"]
[SourceVersion "1"]
[SourceVersionDate "2022.10.05"]
[SourceQuality "1"]

1. d4 d5 2. Nf3 Nf6 3. Bf4 e6 4. e3 Bd6 5. Bg3 0-0 6. Bd3 b6 7. Nbd2 Bb7 8. c3 Ne4 9. Qc2 f5 10. c4 Na6 11. a3 c5 12. cxd5 exd5 13. Rd1 Rc8 14. Qa4 c4 15. Nxc4 dxc4 16. Bxc4+ Kh8 17. Bxa6 Bxa6 18. Qxa6 Rf7 19. Bxd6 Nxd6 20. 0-0 Rfc7 21. Qd3 Ne4 22. Qb5 Rc2 23. Qxf5 Nd6 24. Qd5 Rxb2 25. Ne5 Qf6 26. Qxd6 1-0

[Event "EU-ch Hybrid U12 Girls"]
[Site "Tornelo INT"]
[Date "2021.10.15"]
[Round "8"]
[White "Aldea, Maria Antonia"]
[Black "Gavish, Maya"]
[Result "1-0"]
[WhiteElo "1593"]
[BlackElo "1300"]
[PlyCount "121"]
[EventDate "2021.10.15"]
[EventType "swiss"]
[EventRounds "9"]
[EventCountry "NET"]
[SourceTitle "EXT 2023"]
[Source "ChessBase"]
[SourceDate "2022.10.05"]
[SourceVersion "1"]
[SourceVersionDate "2022.10.05"]
[SourceQuality "1"]
[WhiteTeam "Romania"]
[BlackTeam "Israel"]
[WhiteTeamCountry "ROU"]
[BlackTeamCountry "ISR"]

1. d4 d5 2. Nf3 Nf6 3. g3 Bf5 4. Bg2 c6 5. 0-0 e6 6. c4 Nbd7 7. Nc3 Bb4 8. Nh4 Bg6 9. Qb3 Bxc3 10. bxc3 dxc4 11. Qxb7 Nd5 12. Nxg6 hxg6 13. Qb2 Qb6 14. Qc2 Rb8 15. e4 N5f6 16. Re1 0-0 17. Bf1 e5 18. Ba3 Rfe8 19. Bd6 Qb2 20. Qxb2 Rxb2 21. Bxc4 exd4 22. e5 Nd5 23. Bxd5 cxd5 24. cxd4 Rd2 25. Red1 Rc2 26. a4 Nb6 27. Bc5 Ra8 28. a5 Nc4 29. Rd3 Nxe5 30. Rb3 Nc6 31. Rb7 Rc4 32. a6 Nxd4 33. Rxa7 Rxa7 34. Bxa7 Nb5 35. Bb8 d4 36. a7 Nxa7 37. Bxa7 d3 38. Rd1 Rc3 39. Bd4 Rb3 40. Kg2 g5 41. Kf3 f6 42. Ke3 Kf7 43. Rxd3 Rxd3+ 44. Kxd3 Kg6 45. g4 Kf7 46. Be3 Ke6 47. Kd4 Kd6 48. f3 Ke6 49. Ke4 g6 50. Kd4 Kd6 51. Kc4 Ke5 52. Kc5 Ke6 53. Kc6 Ke7 54. Kc7 Ke6 55. Kd8 Ke5 56. Ke7 f5 57. Bxg5 fxg4 58. fxg4 Ke4 59. Kf6 Kf3 60. Kxg6 Kxg4 61. h4 1-0

[Event "EU-ch Hybrid U12 Girls"]
[Site "Tornelo INT"]
[Date "2021.10.15"]
[Round "3"]
[White "Gavish, Maya"]
[Black "Kuzmina, Varvara"]
[Result "1/2-1/2"]
[WhiteElo "1300"]
[BlackElo "1465"]
[PlyCount "141"]
[EventDate "2021.10.15"]
[EventType "swiss"]
[EventRounds "9"]
[EventCountry "NET"]
[SourceTitle "EXT 2023"]
[Source "ChessBase"]
[SourceDate "2022.10.05"]
[SourceVersion "1"]
[SourceVersionDate "2022.10.05"]
[SourceQuality "1"]
[WhiteTeam "Israel"]
[BlackTeam "Russia"]
[WhiteTeamCountry "ISR"]
[BlackTeamCountry "RUS"]

1. d4 Nf6 2. Nf3 g6 3. Bf4 Bg7 4. e3 d5 5. Nbd2 0-0 6. c4 c5 7. Rc1 Nc6 8. Nb3 cxd4 9. exd4 Bg4 10. Be2 dxc4 11. Rxc4 Nd5 12. Be3 Nxe3 13. fxe3 Be6 14. Rc1 Bh6 15. Rc3 Nb4 16. Qd2 Nd5 17. Nc5 Nxc3 18. Nxe6 fxe6 19. Qxc3 Rc8 20. Bc4 Qb6 21. b3 Qd6 22. a4 a6 23. Qd2 b5 24. axb5 axb5 25. Bxb5 Qd5 26. Bc4 Qe4 27. Ke2 g5 28. Qd3 Qg4 29. Kf2 Rf6 30. h3 Qh4+ 31. g3 Qh5 32. Qe4 Rxf3+ 33. Qxf3 Rf8 34. Bxe6+ Kg7 35. Bf5 Qxf3+ 36. Kxf3 Rxf5+ 37. Ke4 e6 38. Rc1 Rb5 39. Rc7+ Kf6 40. Rxh7 Bg7 41. g4 Kg6 42. Rh5 Rxb3 43. h4 gxh4 44. Rxh4 Kg5 45. Rh2 Bf6 46. Rf2 Rb6 47. Rf4 Rb5 48. Rf2 Be7 49. Rf7 Ba3 50. Ra7 Rb3 51. Rg7+ Kf6 52. Rc7 Bf8 53. Rh7 Kg6 54. Rh3 Kg5 55. Rg3 Bd6 56. Rh3 Bc7 57. Rh7 Bg3 58. Rg7+ Kf6 59. Rh7 Bf2 60. Rh3 Kg5 61. Rf3 Bg1 62. Rg3 Rb1 63. Kf3 Re1 64. Ke4 Kh4 65. Rf3 Kxg4 66. Rf4+ Kg3 67. Rf3+ Kg2 68. Kf4 Bf2 69. Ke4 Rh1 70. Rf6 Rh3 71. Rg6+ 1/2-1/2

[Event "EU-ch Hybrid U12 Girls"]
[Site "Tornelo INT"]
[Date "2021.10.15"]
[Round "1"]
[White "Gavish, Maya"]
[Black "Lyutsinger, Iren"]
[Result "0-1"]
[WhiteElo "1300"]
[BlackElo "1622"]
[PlyCount "114"]
[EventDate "2021.10.15"]
[EventType "swiss"]
[EventRounds "9"]
[EventCountry "NET"]
[SourceTitle "EXT 2023"]
[Source "ChessBase"]
[SourceDate "2022.10.05"]
[SourceVersion "1"]
[SourceVersionDate "2022.10.05"]
[SourceQuality "1"]
[WhiteTeam "Israel"]
[BlackTeam "Russia"]
[WhiteTeamCountry "ISR"]
[BlackTeamCountry "RUS"]

1. d4 Nf6 2. Nf3 g6 3. Bf4 Bg7 4. e3 0-0 5. Nbd2 d6 6. c3 Nbd7 7. Be2 Re8 8. e4 e5 9. dxe5 dxe5 10. Bg3 Nh5 11. Bc4 Nc5 12. 0-0 Bg4 13. Re1 c6 14. h3 Bxf3 15. Qxf3 Qxd2 16. Bxf7+ Kh8 17. Bxe8 Rxe8 18. b4 Nxg3 19. fxg3 Rf8 20. Re2 Qd7 21. Qe3 Ne6 22. Qxa7 c5 23. Qb6 cxb4 24. Qxb4 Qd3 25. Rae1 Qxg3 26. Rf1 Nf4 27. Kh1 g5 28. Rf3 Qh4 29. Qe7 Qh6 30. Ref2 g4 31. Rg3 Bf6 32. Qd6 gxh3 33. gxh3 Nxh3 34. Rh2 Rd8 35. Rhxh3 Qxh3+ 36. Rxh3 Rxd6 37. Rg3 Rd1+ 38. Kg2 Rd2+ 39. Kh3 Rxa2 40. Kg4 Rf2 41. Re3 Rf4+ 42. Kg3 Bg5 43. Re2 h6 44. c4 Rf7 45. Rb2 Rc7 46. Rb4 Bd2 47. Ra4 Kg7 48. Kg4 Kg6 49. Kh4 h5 50. Kg3 Kg5 51. Kf3 h4 52. Ra2 Bf4 53. Rg2+ Bg3 54. Rb2 Rf7+ 55. Ke3 Bf2+ 56. Rxf2 Rxf2 57. Kxf2 Kf4 0-1

[Event "EU-ch Hybrid U12 Girls"]
[Site "Tornelo INT"]
[Date "2021.10.15"]
[Round "7"]
[White "Gavish, Maya"]
[Black "Rybackova, Lucie"]
[Result "1/2-1/2"]
[WhiteElo "1300"]
[BlackElo "1685"]
[PlyCount "104"]
[EventDate "2021.10.15"]
[EventType "swiss"]
[EventRounds "9"]
[EventCountry "NET"]
[SourceTitle "EXT 2023"]
[Source "ChessBase"]
[SourceDate "2022.10.05"]
[SourceVersion "1"]
[SourceVersionDate "2022.10.05"]
[SourceQuality "1"]
[WhiteTeam "Israel"]
[BlackTeam "Czech Republic"]
[WhiteTeamCountry "ISR"]
[BlackTeamCountry "CZE"]

1. d4 Nf6 2. Bf4 g6 3. Nf3 Bg7 4. e3 0-0 5. Nbd2 d6 6. Bc4 Nfd7 7. Bg3 Nc6 8. c3 e5 9. d5 Ne7 10. e4 h6 11. 0-0 f5 12. exf5 Nxf5 13. Qc2 Nf6 14. Nh4 Nxh4 15. Bxh4 Bf5 16. Bd3 Bxd3 17. Qxd3 g5 18. Bg3 Qe8 19. Rae1 Qf7 20. c4 Kh8 21. Ne4 Nxe4 22. Qxe4 Rg8 23. Re3 Bf6 24. Rf3 Rg6 25. Re1 Rag8 26. Kf1 Qg7 27. h3 h5 28. h4 gxh4 29. Bxh4 Bxh4 30. Qxh4 Qh6 31. Rh3 Rxg2 32. Qxh5 Rg1+ 33. Ke2 Rxe1+ 34. Kxe1 Qxh5 35. Rxh5+ Kg7 36. Rg5+ Kf7 37. Rxg8 Kxg8 38. Ke2 Kf7 39. Kf3 Kf6 40. Kg4 Kg6 41. b4 a6 42. a4 b6 43. a5 bxa5 44. bxa5 Kf6 45. f3 Kg6 46. f4 exf4 47. Kxf4 Kf6 48. Ke4 Kg5 49. Ke3 Kg4 50. Ke4 Kg5 51. Ke3 Kg6 52. Ke4 Kg5 1/2-1/2

[Event "World Cup U12 Girls Prel"]
[Site "Tornelo INT"]
[Date "2021.08.16"]
[Round "2"]
[White "Kaliakhmet, Elnaz"]
[Black "Gavish, Maya"]
[Result "1-0"]
[WhiteElo "1686"]
[BlackElo "1317"]
[PlyCount "119"]
[EventDate "2021.08.16"]
[EventType "swiss (rapid)"]
[EventRounds "10"]
[EventCountry "NET"]
[SourceTitle "EXT 2025"]
[Source "ChessBase"]
[SourceDate "2024.10.14"]
[SourceVersion "1"]
[SourceVersionDate "2024.10.14"]
[SourceQuality "1"]

1. d4 d5 2. c4 e6 3. Nc3 Nf6 4. Nf3 c5 5. e3 Nc6 6. a3 a5 7. cxd5 exd5 8. Bb5 cxd4 9. Nxd4 Bd7 10. 0-0 Nxd4 11. Bxd7+ Qxd7 12. Qxd4 Be7 13. Rd1 Rd8 14. b3 0-0 15. Bb2 Rfe8 16. Rac1 Qe6 17. Nb5 b6 18. Nc7 Qd6 19. Nxe8 Rxe8 20. Qf4 Qxf4 21. exf4 Rd8 22. Bxf6 Bxf6 23. Rc6 Bb2 24. Rxd5 Re8 25. g3 Bxa3 26. Rxb6 Bb4 27. Rb7 g6 28. Rdb5 Re4 29. Rd5 Re8 30. Rdd7 Rf8 31. g4 Kg7 32. g5 Kg8 33. Rd5 Re8 34. Kg2 Re4 35. Rd8+ Kg7 36. Rbb8 f6 37. Rd7+ Be7 38. Kf3 Re6 39. gxf6+ Kxf6 40. Ra8 Rb6 41. Rd3 Bb4 42. Ra7 h5 43. Rdd7 Rc6 44. Rf7+ Ke6 45. Rg7 Kf5 46. Raf7+ Rf6 47. Rxf6+ Kxf6 48. Rb7 Kf5 49. Rb5+ Ke6 50. Ke4 Bd2 51. Rb6+ Kf7 52. f5 gxf5+ 53. Kxf5 Be1 54. Rb7+ Kg8 55. f4 h4 56. Kg6 Bb4 57. Rb8+ Bf8 58. f5 a4 59. bxa4 h3 60. f6 1-0